[Event "Paulista-chT"]
[Site "Sao Paulo"]
[Date "2010.02.21"]
[Round "3"]
[White "Mendes, Diego Silva"]
[Black "Campelo, Fabricio"]
[Result "0-1"]
[WhiteElo "2062"]
[BlackElo "2220"]
[PlyCount "76"]
[EventDate "2010.02.20"]
[EventType "team"]
[EventRounds "7"]
[EventCountry "BRA"]
[SourceTitle "EXT 2011"]
[Source "ChessBase"]
[SourceDate "2010.11.26"]
[SourceVersion "1"]
[SourceVersionDate "2010.11.26"]
[SourceQuality "1"]
[WhiteTeam "Santo Andre"]
[BlackTeam "Santos"]
[WhiteTeamCountry "BRA"]
[BlackTeamCountry "BRA"]

1. d4 Nf6 2. c4 g6 3. Nc3 Bg7 4. e4 d6 5. Be2 0-0 6. Bg5 Na6 7. Qd2 c5 8. d5 e6 9. h4 exd5 10. Nxd5 Be6 11. f3 Bxd5 12. cxd5 Re8 13. Bb5 Re7 14. h5 Qb6 15. Be2 Qb4 16. Bxa6 Qxd2+ 17. Kxd2 bxa6 18. hxg6 hxg6 19. Ne2 Rb7 20. Rab1 Rab8 21. b3 a5 22. Nc3 Ne8 23. Kc2 Rc8 24. Ne2 Nc7 25. Bd2 Nb5 26. Kd3 Na3 27. Rbc1 a4 28. bxa4 Rb2 29. Bc3 c4+ 30. Ke3 Rxa2 31. Bxg7 Kxg7 32. Nd4 Rb8 33. Rc3 Rb4 34. Nb5 Nxb5 35. axb5 Rxb5 36. Rxc4 Rb3+ 37. Kf4 Rxg2 38. Rf1 Kf6 0-1